000 00758nam a22001817a 4500
999 _c371424
_d371424
008 201127b ||||| |||| 00| 0 eng d
040 _aDE-2950
_bger
_cDE-2950
_erda
041 _ager
245 _aPolizei lässt Stadtbrücke weiter per Video überwachen.
_bKriminalität: In Frankfurt war die Zahl der Straftaten zuletzt rückläufig - mit Ausnahme der Slubicer Straße. Die Kameras bleiben daher weiter im Einsatz /
_cThomas Gutke
264 _c2022
653 _aFrankfurt (Oder)
653 _aKriminalität
773 _dFrankfurt (Oder) Märkisches Verlags- und Druckhaus GmbH & Co KG
_tMärkische Oderzeitung
_g33. Jahrgang (2022) Nr. 37 vom 14.02.2022, S. 13
942 _cA